Rubber producers' societies: Agents of change (Record no. 49700)

MARC details
000 -LEADER
fixed length control field 00328nam a2200121Ia 4500
100 ## - MAIN ENTRY--AUTHOR NAME
Personal name Narayanan P.K.
245 #0 - TITLE STATEMENT
Title Rubber producers' societies: Agents of change
260 ## - PUBLICATION, DISTRIBUTION, ETC. (IMPRINT)
Name of publisher Rubber Board Bulletin
Year of publication 1990
300 ## - PHYSICAL DESCRIPTION
Number of Pages 25-29
650 ## - SUBJECT ADDED ENTRY--TOPICAL TERM
Topical Term Rubber producers' society
942 ## - ADDED ENTRY ELEMENTS (KOHA)
Koha item type Bibliography STAF
Holdings
Withdrawn status Lost status Damaged status Not for loan Home library Current library Shelving location Date acquired Serial Enumeration / chronology Koha item type
      Bibliography RRII Library RRII Library Economics 09/04/2014 Volume 25, Issue 3 Bibliography STAF